Stratení v Londýne

V novembri 2005 sa konal v Londýne najväčší svetový veľtrh cestovného ruchu - World Travel Market. Pre nekvalitnú prácu vládnej Slovenskej agentúry na podporu cestovného ruchu (SACR) slovenská prezentácia nemala šancu pritiahnuť záujemcov. O to sa pokúsili dve slovenské súkromné firmy na vlastné nák...

Full description

Saved in:
Bibliographic Details
Main Author: Beer, Gabriel
Format: Book Chapter
Language:Slovak
Subjects:
Tags: Add Tag
No Tags, Be the first to tag this record!

MARC

LEADER 00000naa$a2200000$$$4500
001 0036570
005 20231009082222.6
041 0 |a slo 
044 |a SK 
245 1 0 |a Stratení v Londýne  |c Gabriel Beer 
520 |a V novembri 2005 sa konal v Londýne najväčší svetový veľtrh cestovného ruchu - World Travel Market. Pre nekvalitnú prácu vládnej Slovenskej agentúry na podporu cestovného ruchu (SACR) slovenská prezentácia nemala šancu pritiahnuť záujemcov. O to sa pokúsili dve slovenské súkromné firmy na vlastné náklady a prispením sponzorov. Rast medzinárodného turistického ruchu vo svete a v Európe. 
610 2 0 |a ruch cestovný 
610 2 0 |a veľtrhy 
610 2 0 |a ruch cestovný medzinárodný 
610 2 0 |a svet 
610 2 0 |a Európa 
610 2 0 |a prezentácia firemná 
610 2 0 |a Londýn 
610 2 0 |a 2005 
100 1 |a Beer, Gabriel